| 000 | 01580nam a2200385 a 4500 | ||
|---|---|---|---|
| 600 | 1 | 4 |
_aВагнер, Рихард _944950 |
| 999 |
_c194477 _d194477 |
||
| 003 | BLK | ||
| 005 | 20240319005411.0 | ||
| 008 | 180411b bul|||||r ||||||| ||bul|| | ||
| 010 | _aKNG00203708000 | ||
| 040 | _aBLK | ||
| 041 |
_aBUL _cBUL |
||
| 080 |
_aМузиканти-творци, композитори _b78.071.1 _x(430)(092) _z78.071.1(430)(092) |
||
| 100 | 1 |
_aШюре, Едуард _eпърви автор _9346650 |
|
| 139 |
_aШюре, Едуард _bШ 99 |
||
| 245 | 1 | 0 |
_aСпомени за Рихард Вагнера ; Тристан и Изолда _b _cЕдуард Шюре ; прев. Никола Абаджиев. |
| 257 | _aFRA | ||
| 260 |
_aСофия _c[1926] |
||
| 300 |
_a69 с., 1 л. _bпортр. _c19 см |
||
| 380 | _a7 | ||
| 490 |
_9201548 _aБиблиотека Музика _v№ 3 |
||
| 501 | _aЕкз. с № 809625 подв. към кн. Рубинщайн, Антон Г. Музиката и нейните представители, 1919 със сигн. 7.190.15157 и инв.№ 613600. | ||
| 650 | 0 |
_9248173 _aКомпозитори, немски - биографии |
|
| 700 |
_aАбаджиев, Никола Атанасов _eпрев. _9302895 |
||
| 852 | _aЦб 7.190.15157 | ||
| 852 |
_aЦб 7.185.7880 _bЦб |
||
| 856 | 4 | _qpdf | |
| 856 | 4 | _qpdf | |
| 942 |
_cKNG _n0 _s1 |
||
| 944 |
_aCR _c23.03.2017 _k _lCRON CRON |
||
| 944 |
_aED _c30.03.2017 _kПенка_Димитрова |
||
| 999 | _d194477 | ||
| 999 | _d194477 | ||
| 999 | _d194477 | ||